[Event "19th Asia-ch (w)"]
[Site "Al-Ain UAE"]
[Date "2015.08.09"]
[Round "8.21"]
[White "Chu Ruotong"]
[Black "Hong Xing"]
[Result "1/2-1/2"]
[WhiteElo "2048"]
[BlackElo "1882"]
[EventDate "2015.08.02"]
[PlyCount "46"]

1.d4 Nf6 2.c4 e5 3.dxe5 Ng4 4.Nf3 Bc5 5.e3 Nc6 6.Nc3 O-O 7.Be2 Re8 8.O-O 
Ngxe5 9.Nxe5 Nxe5 10.Na4 d6 11.b3 Qh4 12.Nxc5 dxc5 13.Qd5 Bg4 14.f3 Rad8 
15.Qxb7 Bd7 16.Qxa7 Re6 17.Qxc5 Rde8 18.e4 Rg6 19.Rf2 Bh3 20.Kf1 Bc8 21.
Kg1 Bh3 22.Kf1 Bc8 23.Kg1 Bh3 1/2-1/2

[Event "19th Asia-ch (w)"]
[Site "Al-Ain UAE"]
[Date "2015.08.09"]
[Round "8.22"]
[White "Li Yunshan"]
[Black "Al-Gildah, Nibal"]
[Result "1-0"]
[WhiteElo "1835"]
[BlackElo "1920"]
[EventDate "2015.08.02"]
[PlyCount "89"]

1.d4 d6 2.Nf3 g6 3.c4 Bg7 4.e4 Nd7 5.Nc3 c5 6.d5 Ngf6 7.Be2 O-O 8.O-O Nb6 
9.h3 h6 10.Be3 Kh7 11.Nd2 e6 12.Qc2 exd5 13.cxd5 Qe7 14.a4 Ne8 15.a5 Nd7 
16.Nc4 Ne5 17.Rfe1 f5 18.Nxe5 Bxe5 19.exf5 Bxf5 20.Bd3 Qg7 21.Ra4 Qf6 22.
Ne2 Nc7 23.Bxf5 Qxf5 24.Qxf5 Rxf5 25.Nf4 g5 26.Nd3 Bg7 27.f4 Rxd5 28.Nf2 
Re8 29.Re4 Rxe4 30.Nxe4 gxf4 31.Bxf4 Bd4+ 32.Kh1 Nb5 33.Rd1 Kg6 34.g4 h5 
35.Nc3 Bxc3 36.Rxd5 Bxb2 37.Rxh5 Bc3 38.Rd5 Bxa5 39.Bxd6 c4 40.g5 Nxd6 41.
Rxd6+ Kf5 42.Rd5+ Kf4 43.Rc5 Bb6 44.Rb5 Kg3 45.Rxb6 1-0

[Event "19th Asia-ch (w)"]
[Site "Al-Ain UAE"]
[Date "2015.08.09"]
[Round "8.23"]
[White "Hj Azahari, Siti Nur Fatimah"]
[Black "Asil, Odeh"]
[Result "1/2-1/2"]
[WhiteElo "2073"]
[BlackElo "1588"]
[EventDate "2015.08.02"]
[PlyCount "104"]

1.e4 e5 2.Nf3 Nc6 3.Nc3 g6 4.d4 exd4 5.Nxd4 Bg7 6.Be3 Nge7 7.Qd2 d6 8.
O-O-O Be6 9.Nxe6 fxe6 10.Bc4 Qd7 11.f4 O-O-O 12.a3 Rhf8 13.Rhf1 e5 14.Nd5 
Nxd5 15.Qxd5 exf4 16.Bxf4 Qg4 17.Bg3 Ne5 18.Bb3 Rxf1 19.Rxf1 Qe2 20.Rd1 
Qxg2 21.Qe6+ Kb8 22.Qe7 Bh6+ 23.Kb1 Nc6 24.Qxh7 Qf3 25.Rd3 Qh5 26.e5 Bf8 
27.Qxh5 gxh5 28.e6 Re8 29.Bh4 Be7 30.Bxe7 Rxe7 31.Rf3 a6 32.Rf8+ Ka7 33.
Rf7 Kb8 34.Bd5 Re8 35.Rh7 Nd8 36.Rxh5 Nxe6 37.Bxe6 Rxe6 38.Rh8+ Ka7 39.h4 
Kb6 40.h5 Re7 41.h6 Kc6 42.h7 b6 43.Kc1 a5 44.Kd2 Kd5 45.b3 Kc6 46.Kd3 Kd5
47.b4 axb4 48.axb4 b5 49.c3 c6 50.Kc2 Rf7 51.Kd3 Re7 52.Kc2 Rf7 1/2-1/2

[Event "19th Asia-ch (w)"]
[Site "Al-Ain UAE"]
[Date "2015.08.09"]
[Round "8.24"]
[White "Al-Attar, Ghaya"]
[Black "Antonova, Nadezhda"]
[Result "1-0"]
[WhiteElo "1913"]
[BlackElo "2011"]
[EventDate "2015.08.02"]
[PlyCount "81"]

1.d4 d6 2.Nc3 Nf6 3.e4 c6 4.Nf3 Bg4 5.Be2 e5 6.O-O Be7 7.Be3 d5 8.exd5 
cxd5 9.Nxe5 Bxe2 10.Qxe2 Nc6 11.f4 O-O 12.Rab1 Rc8 13.a3 a6 14.Rf3 g6 15.
Rh3 b5 16.Nd1 Qb6 17.c3 a5 18.Nxc6 Qxc6 19.Ra1 Qc4 20.Qe1 Ne4 21.Nf2 f5 
22.Qd1 Bd6 23.Nd3 Ra8 24.Rc1 Qc8 25.a4 Qd7 26.Nc5 Bxc5 27.dxc5 bxa4 28.Qd4
Rfb8 29.c4 Rb4 30.Qe5 Rf8 31.Bd4 Nf6 32.Re3 Rxc4 33.Rxc4 dxc4 34.Qe6+ Qxe6
35.Rxe6 Nd5 36.g3 Rd8 37.Be5 a3 38.bxa3 c3 39.c6 Kf7 40.c7 c2 41.cxd8=Q 
1-0

[Event "19th Asia-ch (w)"]
[Site "Al-Ain UAE"]
[Date "2015.08.09"]
[Round "8.25"]
[White "Nouman, Amna"]
[Black "Al-Maamari, Wafa Darwish"]
[Result "1-0"]
[WhiteElo "1935"]
[BlackElo "1500"]
[EventDate "2015.08.02"]
[PlyCount "63"]

1.e4 e5 2.Nf3 Nc6 3.Bb5 a6 4.Ba4 Nf6 5.O-O b5 6.Bb3 Bb7 7.Re1 Be7 8.d3 d6 
9.c3 O-O 10.Nbd2 Na5 11.Bc2 c5 12.Nf1 Re8 13.Ng3 Bf8 14.Nf5 g6 15.Nh6+ Kg7
16.Ng5 Re7 17.Nhxf7 Rxf7 18.Ne6+ Kg8 19.Nxd8 Rxd8 20.a4 Nc6 21.axb5 axb5 
22.Qe2 Bg7 23.Bg5 Rdf8 24.Bb3 d5 25.exd5 Ne7 26.d6 Ned5 27.Ra7 Kh8 28.Bxf6
Bxf6 29.Bxd5 Bxd5 30.Rxf7 Rxf7 31.Ra1 Bb7 32.Qg4 1-0

[Event "19th Asia-ch (w)"]
[Site "Al-Ain UAE"]
[Date "2015.08.09"]
[Round "8.26"]
[White "Al-Dhaffari, Salma"]
[Black "Alymbay, Kyzy Aizhan"]
[Result "0-1"]
[WhiteElo "1655"]
[BlackElo "1903"]
[EventDate "2015.08.02"]
[PlyCount "71"]

1.d4 d5 2.c4 c6 3.Nc3 Nf6 4.e3 e6 5.Nf3 Nbd7 6.Bd3 dxc4 7.Bxc4 b5 8.Bd3 
Bb7 9.e4 b4 10.Na4 c5 11.e5 Nd5 12.dxc5 Nxc5 13.Nxc5 Bxc5 14.Bb5+ Kf8 15.
O-O Qb6 16.Qe2 h6 17.Bd3 Rd8 18.Be4 Ba6 19.Bd3 Nc3 20.bxc3 Bxd3 21.Qe1 
Bxf1 22.Qxf1 bxc3 23.Qe2 Bxf2+ 24.Kf1 Bc5 25.Qc2 Qa6+ 26.Ke1 Qd3 27.Qxd3 
Rxd3 28.Ke2 Rd7 29.Rb1 Ke7 30.Rb3 Bb6 31.Ba3+ Kd8 32.Rxc3 Rc7 33.Rd3+ Kc8 
34.Rd2 Kb7 35.Rd6 Rc4 36.Ne1 0-1

[Event "19th Asia-ch (w)"]
[Site "Al-Ain UAE"]
[Date "2015.08.09"]
[Round "8.27"]
[White "Ezizova, Bagul"]
[Black "Al-Harmoudi, Mona"]
[Result "0-1"]
[WhiteElo "1518"]
[BlackElo "1745"]
[EventDate "2015.08.02"]
[PlyCount "62"]

1.e4 c5 2.Nf3 Nc6 3.d4 cxd4 4.Nxd4 g6 5.Nc3 Bg7 6.Be3 Nf6 7.Qd2 O-O 8.g3 
d5 9.Nxc6 bxc6 10.exd5 cxd5 11.Bg2 e6 12.Bh6 Rb8 13.Bxg7 Kxg7 14.b3 Ba6 
15.h4 Qc7 16.Ne2 Rfc8 17.Rc1 Bxe2 18.Kxe2 Qe5+ 19.Kf1 Rc7 20.Qe2 Qb2 21.
Qd2 Rbc8 22.Bf3 Rxc2 23.Rxc2 Rxc2 24.Qe3 d4 25.Qf4 Rxf2+ 26.Kg1 Rc2 27.Bd1
Rc1 28.Qf3 Qd2 29.Rh2 Rxd1+ 30.Qxd1 Qxd1+ 31.Kg2 d3 0-1

[Event "19th Asia-ch (w)"]
[Site "Al-Ain UAE"]
[Date "2015.08.09"]
[Round "8.28"]
[White "Mir Mahmoud, Afamia"]
[Black "Faqih, Asil"]
[Result "1-0"]
[WhiteElo "1949"]
[BlackElo "1599"]
[EventDate "2015.08.02"]
[PlyCount "100"]

1.d4 Nf6 2.Nf3 g6 3.c4 Bg7 4.Nc3 d6 5.e4 O-O 6.Be2 e5 7.O-O Bd7 8.d5 a5 9.
b3 b6 10.Ne1 Na6 11.Be3 h6 12.Rb1 Ne8 13.Qd2 Kh7 14.a3 Nc5 15.Nd3 f5 16.f3
a4 17.Nxc5 bxc5 18.b4 cxb4 19.Rxb4 f4 20.Bf2 Nf6 21.c5 Nh5 22.c6 Bc8 23.g4
fxg3 24.hxg3 Bf6 25.Kg2 Bg5 26.Qc2 Nf4+ 27.gxf4 Bxf4 28.Rg1 Qg5+ 29.Kf1 
Bh3+ 30.Ke1 Bg2 31.Bf1 Bg3 32.Rxg2 Rxf3 33.Rxg3 Rxg3 34.Bxg3 Qxg3+ 35.Kd1 
Rf8 36.Be2 h5 37.Qd3 h4 38.Qxg3 hxg3 39.Bd3 g2 40.Ne2 Rf2 41.Rb1 Kh6 42.
Kd2 Kh5 43.Ke3 Rf1 44.Ng1 Rxb1 45.Bxb1 Kg4 46.Kf2 Kf4 47.Kxg2 g5 48.Kf2 g4
49.Ne2+ Kg5 50.Kg3 Kh5 1-0

[Event "19th Asia-ch (w)"]
[Site "Al-Ain UAE"]
[Date "2015.08.10"]
[Round "9.1"]
[White "Shen Yang"]
[Black "Vijayalakshmi, Subbaraman"]
[Result "1-0"]
[WhiteElo "2443"]
[BlackElo "2341"]
[EventDate "2015.08.02"]
[PlyCount "93"]

1.d4 Nf6 2.c4 g6 3.Nc3 Bg7 4.e4 d6 5.Be2 O-O 6.Nf3 Bg4 7.Be3 Nfd7 8.Ng1 
Bxe2 9.Ngxe2 c5 10.d5 Ne5 11.b3 e6 12.O-O Ng4 13.Bf4 e5 14.Bd2 Na6 15.Rb1 
Nc7 16.a3 Qh4 17.h3 Nf6 18.Qc1 h6 19.b4 Na6 20.f3 Nd7 21.Nb5 Qe7 22.Bxh6 
Bxh6 23.Qxh6 Nb6 24.f4 Rfd8 25.f5 Qf6 26.fxg6 Qxg6 27.Qh4 Qh7 28.Qxh7+ 
Kxh7 29.Rxf7+ Kg8 30.Rxb7 cxb4 31.axb4 Nxc4 32.Nxa7 Nd2 33.Ra1 Rdb8 34.
Rxb8+ Nxb8 35.Nc3 Nd7 36.Ra2 Nc4 37.Nab5 Rf8 38.Nc7 Ne3 39.Ra8 Nb8 40.Ne6 
Rc8 41.Ne2 Kh7 42.Kf2 Nc4 43.Ra7+ Kg8 44.Ng3 Nb6 45.Rg7+ Kh8 46.Nf5 Re8 
47.Ne7 1-0

[Event "19th Asia-ch (w)"]
[Site "Al-Ain UAE"]
[Date "2015.08.10"]
[Round "9.2"]
[White "Saduakasova, Dinara"]
[Black "Pratyusha, Bodda"]
[Result "1/2-1/2"]
[WhiteElo "2401"]
[BlackElo "2194"]
[EventDate "2015.08.02"]
[PlyCount "135"]

1.d4 d5 2.c4 e6 3.Nc3 c6 4.e4 dxe4 5.Nxe4 Bb4+ 6.Bd2 Qxd4 7.Bxb4 Qxe4+ 8.
Ne2 Na6 9.Bf8 Ne7 10.Bxg7 Rg8 11.Qd4 Qxd4 12.Bxd4 c5 13.Bc3 b6 14.O-O-O 
Bb7 15.Nf4 Rd8 16.Rxd8+ Kxd8 17.f3 Kc8 18.Bd3 Ng6 19.Nxg6 hxg6 20.a3 Nb8 
21.Kd2 Nc6 22.Bf6 Kd7 23.Re1 Re8 24.f4 Kd6 25.Be4 Na5 26.Bxb7 Nxb7 27.g4 
Kd7 28.Ke3 Nd6 29.Rd1 Kc6 30.b3 Rg8 31.Be7 Nc8 32.Bf6 Nd6 33.Be5 Rd8 34.
Rd2 f5 35.g5 Nf7 36.Rxd8 Nxd8 37.h4 Kd7 38.Bf6 Nc6 39.Bc3 a5 40.Kf3 Ke8 
41.Ke3 Kf7 42.Bf6 Kg8 43.Kd3 Kf7 44.Kd2 Kg8 45.Kc3 Kf7 46.Kd3 Kg8 47.Ke2 
Kf7 48.Ke3 Kg8 49.Kf3 Kf7 50.Kg3 Kg8 51.h5 gxh5 52.Kh4 Nd4 53.Bd8 Nxb3 54.
Bxb6 Nd2 55.Bxc5 Nxc4 56.Kxh5 e5 57.fxe5 Nxe5 58.Bd4 Nc4 59.a4 Nd2 60.g6 
Ne4 61.Bb6 Nc3 62.Kg5 f4 63.Kg4 f3 64.Kxf3 Nxa4 65.Bd4 Nb6 66.Bxb6 Kg7 67.
Bxa5 Kxg6 68.Ke4 1/2-1/2

[Event "19th Asia-ch (w)"]
[Site "Al-Ain UAE"]
[Date "2015.08.10"]
[Round "9.3"]
[White "Gomes, Mary Ann"]
[Black "Hejazipour, Mitra"]
[Result "0-1"]
[WhiteElo "2314"]
[BlackElo "2321"]
[EventDate "2015.08.02"]
[PlyCount "78"]

1.e4 c5 2.Nf3 d6 3.d4 Nf6 4.Nc3 cxd4 5.Nxd4 a6 6.Bg5 e6 7.f4 Be7 8.Qf3 Qc7
9.O-O-O Nbd7 10.Bd3 b5 11.Rhe1 Bb7 12.Bh4 b4 13.Nd5 Nxd5 14.exd5 Nf6 15.
Bxf6 Bxf6 16.Be4 e5 17.Nc6 Bxc6 18.dxc6 Rd8 19.g4 exf4 20.Qxf4 Be5 21.Qf3 
a5 22.Bd5 O-O 23.g5 Kh8 24.Re4 f5 25.gxf6 Rxf6 26.Qd3 Rh6 27.h4 Rb8 28.Rf1
Rf6 29.Rxf6 Bxf6 30.Re6 Qb6 31.Qe2 Be5 32.Qf3 Qd4 33.Qf1 Qxd5 34.c7 Rc8 
35.Re7 Qd4 36.Rd7 Qxb2+ 37.Kd2 Qc3+ 38.Kd1 Qd4+ 39.Qd3 Qg4+ 0-1

[Event "19th Asia-ch (w)"]
[Site "Al-Ain UAE"]
[Date "2015.08.10"]
[Round "9.4"]
[White "Aulia, Medina Warda"]
[Black "Lei Tingjie"]
[Result "1/2-1/2"]
[WhiteElo "2412"]
[BlackElo "2436"]
[EventDate "2015.08.02"]
[PlyCount "62"]

1.e4 c5 2.Nf3 e6 3.d4 cxd4 4.Nxd4 Nc6 5.Nc3 Qc7 6.Be3 a6 7.Be2 Nf6 8.O-O 
Be7 9.f4 d6 10.Kh1 O-O 11.Qe1 Nxd4 12.Bxd4 b5 13.a3 Bb7 14.Qg3 Rad8 15.
Rad1 Bc6 16.Bf3 a5 17.Rfe1 b4 18.axb4 axb4 19.e5 dxe5 20.fxe5 Bxf3 21.Nb5 
Ne4 22.Qxf3 Qc4 23.Qxe4 Qxb5 24.c3 Rd5 25.Rd3 Rfd8 26.Rh3 h6 27.Rg3 bxc3 
28.bxc3 Bc5 29.Qf4 Bxd4 30.Qf6 g6 31.Rxg6+ fxg6 1/2-1/2

[Event "19th Asia-ch (w)"]
[Site "Al-Ain UAE"]
[Date "2015.08.10"]
[Round "9.5"]
[White "Tania, Sachdev"]
[Black "Tan Zhongyi"]
[Result "1-0"]
[WhiteElo "2390"]
[BlackElo "2512"]
[EventDate "2015.08.02"]
[PlyCount "151"]

1.d4 Nf6 2.c4 g6 3.Nc3 Bg7 4.e4 d6 5.h3 O-O 6.Bg5 c5 7.d5 e6 8.Bd3 exd5 9.
cxd5 Re8 10.Nf3 c4 11.Bc2 b5 12.a3 Qb6 13.O-O Nbd7 14.Be3 Nc5 15.Bd4 Bb7 
16.Re1 a6 17.Qd2 Rac8 18.Rad1 Qd8 19.Qf4 Nh5 20.Qd2 Nf6 21.Qf4 Nh5 22.Qd2 
Bxd4 23.Nxd4 Qf6 24.Nde2 Qg7 25.g4 Nf6 26.Ng3 Nfd7 27.f4 Rb8 28.Kg2 Bc8 
29.e5 dxe5 30.f5 Bb7 31.Qf2 Ba8 32.Nce4 Nxe4 33.Nxe4 Red8 34.g5 b4 35.Ba4 
Kh8 36.Bxd7 Rxd7 37.Nf6 Rdd8 38.axb4 Rxb4 39.Rxe5 gxf5 40.Rxf5 Qg6 41.Re5 
Rb5 42.Qe2 Kg7 43.h4 Bxd5+ 44.Rdxd5 Rdxd5 45.Rxd5 h6 46.h5 Rxd5 47.Ne8+ 
Kf8 48.hxg6 Rxg5+ 49.Kf3 Rxg6 50.Nc7 Rf6+ 51.Kg4 Rg6+ 52.Kh5 Rb6 53.Qe3 
Rb3 54.Qxh6+ Ke7 55.Nd5+ Kd7 56.Qf6 Rb5 57.Qxa6 Rxd5+ 58.Kg4 Rc5 59.Qf6 
Ke8 60.Kf4 Rc7 61.Qd6 Rc8 62.Kf5 Rd8 63.Qc6+ Ke7 64.Qxc4 Rd6 65.b4 Rf6+ 
66.Ke5 Re6+ 67.Kd5 Kd7 68.Qf4 Re7 69.Qf6 Ke8 70.b5 Re1 71.b6 Rd1+ 72.Kc6 
Rc1+ 73.Kb7 Rd1 74.Kb8 Kd7 75.Qxf7+ Kc6 76.Qf3+ 1-0

[Event "19th Asia-ch (w)"]
[Site "Al-Ain UAE"]
[Date "2015.08.10"]
[Round "9.6"]
[White "Khademalsharieh, Sarasadat"]
[Black "Li Ruofan"]
[Result "0-1"]
[WhiteElo "2412"]
[BlackElo "2374"]
[EventDate "2015.08.02"]
[PlyCount "112"]

1.d4 Nf6 2.c4 e6 3.Nf3 b6 4.g3 Ba6 5.Qa4 Be7 6.Bg2 O-O 7.Ne5 c6 8.Nc3 Qe8 
9.b4 b5 10.cxb5 cxb5 11.Qb3 d5 12.Nd3 Nc6 13.e3 Rb8 14.O-O Bc8 15.Bb2 Nd7 
16.Ne2 Nb6 17.Nc5 f5 18.Rad1 Nc4 19.Bc1 a5 20.a3 Kh8 21.Kh1 Bd6 22.f3 axb4
23.axb4 e5 24.dxe5 Bxc5 25.bxc5 Qxe5 26.Nd4 Bd7 27.Qd3 Qe7 28.Nb3 Be6 29.
Nd4 Bd7 30.Nb3 Be6 31.e4 Rbd8 32.Qe2 fxe4 33.fxe4 Rxf1+ 34.Rxf1 d4 35.Bf4 
N4e5 36.Nd2 Bc4 37.Nxc4 bxc4 38.Qh5 Qxc5 39.Bh3 g6 40.Qh4 Rf8 41.Bg5 Rxf1+
42.Bxf1 d3 43.Bh3 Qd6 44.Qf4 Kg8 45.Qc1 h5 46.Qb2 Qb4 47.Be6+ Kh7 48.Qxb4 
Nxb4 49.Bd2 Na2 50.Bf4 Nc3 51.Kg2 Ne2 52.Kf2 Nxf4 53.gxf4 c3 54.Ke3 c2 55.
Kd2 Nf3+ 56.Kc1 Nd4 0-1

[Event "19th Asia-ch (w)"]
[Site "Al-Ain UAE"]
[Date "2015.08.10"]
[Round "9.7"]
[White "Soumya, Swaminathan"]
[Black "Zhang Xiaowen"]
[Result "1/2-1/2"]
[WhiteElo "2325"]
[BlackElo "2376"]
[EventDate "2015.08.02"]
[PlyCount "119"]

1.e4 e6 2.d4 d5 3.Nc3 Nf6 4.e5 Nfd7 5.f4 c5 6.Nf3 Nc6 7.Be3 a6 8.Qd2 Be7 
9.dxc5 Nxc5 10.Nd4 Nxd4 11.Bxd4 b5 12.Qe3 Qc7 13.Bd3 b4 14.Ne2 a5 15.O-O 
g6 16.Rfc1 O-O 17.a3 Bb7 18.Ng3 Rfc8 19.axb4 axb4 20.Rxa8 Bxa8 21.Ne2 Bb7 
22.g4 Qa5 23.f5 b3 24.Rf1 bxc2 25.Bxc2 Ba6 26.Rd1 Qb4 27.Ng3 Qc4 28.Qc3 
Na4 29.Qxc4 Rxc4 30.Bxa4 Rxd4 31.Rxd4 Bc5 32.Kg2 Bxd4 33.Bd7 Bxb2 34.fxe6 
Kf8 35.exf7 Kxf7 36.e6+ Ke7 37.Kf3 d4 38.Ke4 d3 39.Nf1 Bb7+ 40.Kxd3 Ba6+ 
41.Kc2 Bxf1 42.Kxb2 Bh3 43.Kc3 Bxg4 44.Kd4 Bxe6 45.Bc6 Kf6 46.Ke4 Kg5 47.
Kf3 Kh4 48.Kg2 Kg4 49.Be4 Kf4 50.Bc6 Bf5 51.Be8 Be4+ 52.Kg1 h5 53.Bd7 h4 
54.Bc8 g5 55.Bd7 g4 56.Bc8 g3 57.hxg3+ Kxg3 58.Bd7 Bf3 59.Bc8 Bg4 60.Bxg4 
1/2-1/2

[Event "19th Asia-ch (w)"]
[Site "Al-Ain UAE"]
[Date "2015.08.10"]
[Round "9.8"]
[White "Padmini, Rout"]
[Black "Davletbaeva, Madina"]
[Result "1-0"]
[WhiteElo "2444"]
[BlackElo "2243"]
[EventDate "2015.08.02"]
[PlyCount "91"]

1.c4 Nf6 2.g3 c5 3.Bg2 d5 4.cxd5 Nxd5 5.Nc3 Nc7 6.Nf3 Nc6 7.O-O e5 8.d3 
Be7 9.Be3 O-O 10.Rc1 Be6 11.a3 Rc8 12.Na4 b6 13.b4 Nd4 14.Bxd4 exd4 15.
bxc5 b5 16.Nb2 Na6 17.a4 b4 18.c6 Bd5 19.Ne1 Nc5 20.Bxd5 Qxd5 21.Rc4 a5 
22.e4 dxe3 23.fxe3 Rxc6 24.Qf3 Qxf3 25.Nxf3 Ra6 26.Rfc1 Ne6 27.Kf2 g6 28.
d4 Re8 29.Rc8 Rxc8 30.Rxc8+ Kg7 31.Nc4 g5 32.g4 h5 33.h3 hxg4 34.hxg4 Bf6 
35.Ke2 Nf8 36.Nfd2 Be7 37.Nb3 Rh6 38.Nbxa5 Rh2+ 39.Kd3 f5 40.Rc7 Kf6 41.
Nc6 fxg4 42.Nxe7 g3 43.Ng8+ Kg6 44.Ne5+ Kh5 45.Nf6+ Kh6 46.Nfg4+ 1-0

[Event "19th Asia-ch (w)"]
[Site "Al-Ain UAE"]
[Date "2015.08.10"]
[Round "9.9"]
[White "Karavade, Eesha"]
[Black "Le Kieu Thien Kim"]
[Result "1-0"]
[WhiteElo "2409"]
[BlackElo "2226"]
[EventDate "2015.08.02"]
[PlyCount "87"]

1.c4 e6 2.g3 d5 3.Bg2 Nf6 4.Nf3 Be7 5.O-O O-O 6.d4 dxc4 7.Qc2 a6 8.a4 Nbd7
9.Nbd2 c5 10.Nxc4 cxd4 11.Nxd4 Nb6 12.Nxb6 Qxb6 13.Be3 Qb4 14.h3 Bd7 15.
Qd2 Nd5 16.Qxb4 Bxb4 17.Nc2 Be7 18.Bd4 Bc6 19.Ne3 Nxe3 20.Bxe3 Bxg2 21.
Kxg2 Bf6 22.Rfd1 Rfd8 23.Bb6 Rdc8 24.Rac1 h6 25.b4 Bc3 26.b5 Bf6 27.Rxc8+ 
Rxc8 28.Rd7 Rc4 29.bxa6 bxa6 30.a5 Ra4 31.e3 Bc3 32.Ra7 Ra2 33.Rxa6 Be1 
34.e4 e5 35.Ra8+ Kh7 36.a6 Bc3 37.a7 Bd4 38.Bxd4 exd4 39.Kf1 Kg6 40.f4 Kf6
41.g4 d3 42.Ke1 g6 43.e5+ Kg7 44.Kd1 1-0

[Event "19th Asia-ch (w)"]
[Site "Al-Ain UAE"]
[Date "2015.08.10"]
[Round "9.10"]
[White "Nguyen Thi Thanh An"]
[Black "Zhai Mo"]
[Result "1-0"]
[WhiteElo "2219"]
[BlackElo "2406"]
[EventDate "2015.08.02"]
[PlyCount "67"]

1.d4 Nf6 2.c4 e6 3.Nf3 d5 4.g3 Be7 5.Bg2 O-O 6.O-O dxc4 7.Qc2 a6 8.a4 Bd7 
9.Qxc4 Bc6 10.Bg5 a5 11.Nc3 Ra6 12.Rfd1 Rb6 13.Rd2 Na6 14.Bxf6 Bxf6 15.e4 
Qe8 16.Qf1 Rb4 17.Qd1 Qb8 18.Bf1 Rd8 19.b3 Qa7 20.Bc4 h6 21.h4 h5 22.Rc1 
g6 23.d5 exd5 24.e5 Be7 25.Nxd5 Bxd5 26.Rxd5 Qb8 27.Qd3 Kg7 28.Rd1 Re8 29.
Qe3 c6 30.Rd7 b5 31.Bxf7 Kxf7 32.R1d6 Nc5 33.Ng5+ Kg7 34.Qxc5 1-0

[Event "19th Asia-ch (w)"]
[Site "Al-Ain UAE"]
[Date "2015.08.10"]
[Round "9.11"]
[White "Pourkashiyan, Atousa"]
[Black "Mohota, Nisha"]
[Result "1-0"]
[WhiteElo "2341"]
[BlackElo "2259"]
[EventDate "2015.08.02"]
[PlyCount "105"]

1.e4 e5 2.Nf3 Nc6 3.c3 d5 4.Qa4 Bd7 5.exd5 Nd4 6.Qd1 Nxf3+ 7.Qxf3 Nf6 8.
Bc4 Bd6 9.d3 Bg4 10.Qe3 O-O 11.O-O Re8 12.Nd2 Bf8 13.Qg3 Bf5 14.Bb5 Re7 
15.c4 a6 16.Ba4 b5 17.Bb3 c6 18.dxc6 Bxd3 19.Rd1 e4 20.cxb5 axb5 21.Nf1 
Rc7 22.Bg5 Rxc6 23.Ne3 Qd6 24.Qh3 Re8 25.a4 Rc5 26.Bxf6 Qxf6 27.a5 Qxb2 
28.Bd5 Rec8 29.Qf5 R8c7 30.h4 g6 31.Qf4 Bg7 32.Ra2 Qd4 33.a6 Be5 34.Qg5 
Ra7 35.Qd8+ Kg7 36.h5 Bf6 37.Qb8 Rxd5 38.Nxd5 Qxd5 39.Qxa7 Bd4 40.Qxd4+ 
Qxd4 41.a7 Qd5 42.a8=Q Qxh5 43.Re1 Qe5 44.Rd2 Qg5 45.Qa1+ Kh6 46.Re3 Qf4 
47.Qd4 Qc7 48.Rh3+ Kg5 49.Rdxd3 exd3 50.Qh4+ Kf5 51.Rf3+ Ke6 52.Qf6+ Kd5 
53.Rxd3+ 1-0

[Event "19th Asia-ch (w)"]
[Site "Al-Ain UAE"]
[Date "2015.08.10"]
[Round "9.12"]
[White "Nguyen Thi Mai Hung"]
[Black "Kulkarni, Bhakti Pradip"]
[Result "1-0"]
[WhiteElo "2227"]
[BlackElo "2262"]
[EventDate "2015.08.02"]
[PlyCount "85"]

1.d4 Nf6 2.Nf3 g6 3.g3 Bg7 4.Bg2 O-O 5.O-O d6 6.a4 Nbd7 7.a5 c6 8.Re1 Qc7 
9.e4 e5 10.Nc3 Re8 11.h3 Rb8 12.Be3 b5 13.axb6 axb6 14.dxe5 dxe5 15.Nd2 
Bb7 16.Nc4 Bf8 17.Qe2 Ra8 18.Red1 b5 19.Nd2 Nb6 20.Qe1 b4 21.Ne2 Nfd7 22.
Rxa8 Rxa8 23.Ra1 Qd8 24.Qb1 Bc5 25.Nf1 Nc4 26.Bxc5 Nxc5 27.b3 Nd2 28.Rxa8 
Bxa8 29.Qa1 Nxf1 30.Qxe5 Nxb3 31.cxb3 Nd2 32.Nd4 Qf8 33.Qg5 Nb1 34.e5 c5 
35.Nf5 Bxg2 36.Nh6+ Kg7 37.Ng4 f5 38.exf6+ Kf7 39.Kxg2 Nc3 40.Qe5 Qa8+ 41.
Kh2 Nd5 42.Nh6+ Kf8 43.Qd6+ 1-0

[Event "19th Asia-ch (w)"]
[Site "Al-Ain UAE"]
[Date "2015.08.10"]
[Round "9.13"]
[White "Hakimifard, Raana"]
[Black "Wang Jue"]
[Result "0-1"]
[WhiteElo "2084"]
[BlackElo "2360"]
[EventDate "2015.08.02"]
[PlyCount "98"]

1.e4 c5 2.Nf3 d6 3.d4 cxd4 4.Nxd4 Nf6 5.Nc3 a6 6.h3 e5 7.Nde2 h5 8.g3 b5 
9.Bg2 Bb7 10.O-O Be7 11.Be3 Nbd7 12.Nd5 Rc8 13.Nec3 Nxd5 14.Nxd5 Bxd5 15.
exd5 h4 16.g4 Bg5 17.c3 Bxe3 18.fxe3 Nb6 19.Rf2 O-O 20.Qd3 g6 21.Raf1 Kg7 
22.Be4 Nd7 23.Qe2 Qe7 24.Bb1 Rc5 25.Qf3 Qg5 26.Be4 Nb6 27.Kh1 Nc4 28.Re1 
a5 29.Qe2 Nb6 30.Rd1 b4 31.cxb4 axb4 32.Rf3 Rc4 33.Bb1 Rfc8 34.Rdf1 R8c7 
35.Qf2 Qe7 36.g5 e4 37.Rf4 Nxd5 38.Rxh4 Qxg5 39.Rxe4 Rxe4 40.Bxe4 Nxe3 41.
Rg1 Qh5 42.Rg3 Rc1+ 43.Kh2 Nf1+ 44.Kg2 Nxg3 45.Qd4+ Kh7 46.Kxg3 Qg5+ 47.
Kf3 Qh5+ 48.Kg3 Qe5+ 49.Qxe5 dxe5 0-1

[Event "19th Asia-ch (w)"]
[Site "Al-Ain UAE"]
[Date "2015.08.10"]
[Round "9.14"]
[White "Pham Le Thao Nguyen"]
[Black "Ankhchimeg, Bayanmunkh"]
[Result "1/2-1/2"]
[WhiteElo "2332"]
[BlackElo "2180"]
[EventDate "2015.08.02"]
[PlyCount "79"]

1.e4 c5 2.Nf3 Nc6 3.Bb5 g6 4.Bxc6 bxc6 5.O-O d6 6.Re1 Bg7 7.h3 e5 8.c3 Ne7
9.d4 cxd4 10.cxd4 exd4 11.Nxd4 O-O 12.Nc3 Bb7 13.Bg5 h6 14.Bh4 Re8 15.Qd2 
Qb6 16.Nb3 Nc8 17.Rad1 a5 18.Qc2 a4 19.Nd2 a3 20.b3 Qb4 21.Ncb1 Nb6 22.Bg3
d5 23.exd5 Nxd5 24.Rxe8+ Rxe8 25.Nc4 c5 26.Nd6 Re1+ 27.Rxe1 Qxe1+ 28.Kh2 
Nb4 29.Qxc5 Qxb1 30.Qxb4 Bd5 31.Qc5 Bxb3 32.Qa5 Qxa2 33.Qb4 Bd5 34.Ne8 Bh8
35.Qe7 Qc4 36.f3 Qc6 37.Qd8 Be6 38.Bf4 g5 39.Bg3 Qd5 40.Nf6+ 1/2-1/2

[Event "19th Asia-ch (w)"]
[Site "Al-Ain UAE"]
[Date "2015.08.10"]
[Round "9.15"]
[White "Nakhbaeva, Guliskhan"]
[Black "Li Yunshan"]
[Result "0-1"]
[WhiteElo "2327"]
[BlackElo "1835"]
[EventDate "2015.08.02"]
[PlyCount "159"]

1.d4 Nf6 2.c4 g6 3.Nc3 d5 4.cxd5 Nxd5 5.e4 Nxc3 6.bxc3 Bg7 7.Nf3 O-O 8.Be2
c5 9.O-O Nc6 10.Be3 Qa5 11.d5 Ne5 12.Nd2 c4 13.f4 Qxc3 14.Bc5 Nd3 15.Bxd3 
Qxd3 16.Rc1 Bd4+ 17.Bxd4 Qxd4+ 18.Kh1 b5 19.Qe1 f5 20.Rd1 fxe4 21.Nxe4 Qg7
22.Qb4 a6 23.a4 Rb8 24.h3 Rd8 25.Rfe1 Bf5 26.Ng3 a5 27.Qxa5 Bc2 28.Rd2 
Bxa4 29.Qb4 Rd7 30.Ne4 Qf7 31.Nc3 Bb3 32.Rd4 Qf6 33.Qc5 Qb6 34.Ne4 Rc7 35.
Qxb6 Rxb6 36.d6 exd6 37.Nf6+ Kf7 38.Nd5 Rbc6 39.Nxc7 Rxc7 40.Rd5 Ba4 41.
Rxd6 c3 42.Rd4 Rb7 43.Rb4 c2 44.Kh2 Rd7 45.Rc1 Rd1 46.Rxc2 Bxc2 47.Rxb5 
Be4 48.Rb2 Kf6 49.Kg3 Kf5 50.Rf2 Rc1 51.Kh4 Rc2 52.g4+ Kf6 53.Rf1 Bg2 54.
Rg1 h6 55.g5+ Kg7 56.gxh6+ Kh7 57.Kg4 Be4 58.Rg3 Kxh6 59.Re3 Bf5+ 60.Kh4 
Rd2 61.Ra3 Rd4 62.Rf3 Ra4 63.Rf1 Ra8 64.Rc1 Re8 65.Rc3 Re4 66.Rf3 Rd4 67.
Rf1 Rd5 68.Rf3 Kg7 69.Re3 Kf6 70.Rc3 Be6 71.Kg3 Rb5 72.h4 Rb3 73.Rxb3 Bxb3
74.h5 gxh5 75.Kh4 Bd1 76.Kg3 Kf5 77.Kh4 Kxf4 78.Kh3 Kg5 79.Kg3 h4+ 80.Kh3 
0-1

[Event "19th Asia-ch (w)"]
[Site "Al-Ain UAE"]
[Date "2015.08.10"]
[Round "9.16"]
[White "Shamima, Akter Liza"]
[Black "Dauletova, Gulmira"]
[Result "0-1"]
[WhiteElo "2155"]
[BlackElo "2278"]
[EventDate "2015.08.02"]
[PlyCount "93"]

1.d4 Nf6 2.c4 e6 3.Nc3 Bb4 4.Bg5 h6 5.Bh4 b6 6.f3 c5 7.a3 Bxc3+ 8.bxc3 d6 
9.e3 O-O 10.Bd3 Nc6 11.f4 e5 12.Ne2 exf4 13.Bxf6 Qxf6 14.Nxf4 Qh4+ 15.g3 
Qg5 16.Qf3 Bd7 17.O-O Rae8 18.Rae1 Na5 19.h4 Qg4 20.Qf2 Bc6 21.Nd5 Qc8 22.
Qf4 Bxd5 23.cxd5 cxd4 24.cxd4 Qc3 25.Rd1 Nc4 26.Bxc4 Qxc4 27.e4 Re7 28.Qf3
Qc2 29.Rde1 f6 30.e5 dxe5 31.dxe5 Qc5+ 32.Kg2 Rxe5 33.Rxe5 fxe5 34.Qe4 
Rxf1 35.Kxf1 Qd4 36.Qxd4 exd4 37.Ke2 Kf7 38.Kd3 Ke7 39.a4 Kd6 40.Kxd4 h5 
41.Ke4 a6 42.Kd4 b5 43.a5 b4 44.Kc4 b3 45.Kxb3 Kxd5 46.Kc3 Ke5 47.Kd3 0-1

[Event "19th Asia-ch (w)"]
[Site "Al-Ain UAE"]
[Date "2015.08.10"]
[Round "9.17"]
[White "Kurbonboeva, Sarvinoz"]
[Black "Liu Manli"]
[Result "1-0"]
[WhiteElo "2264"]
[BlackElo "1995"]
[EventDate "2015.08.02"]
[PlyCount "90"]

1.d4 Nf6 2.c4 e6 3.Nc3 d5 4.cxd5 exd5 5.Bg5 Be7 6.e3 c6 7.Qc2 Nbd7 8.Bd3 
Nh5 9.Bxe7 Qxe7 10.Nge2 g6 11.O-O O-O 12.Rae1 Nb6 13.Kh1 Re8 14.Ng1 Bd7 
15.Nf3 Ng7 16.Qd2 c5 17.dxc5 Qxc5 18.Rc1 Qd6 19.Nb5 Bxb5 20.Bxb5 Rec8 21.
b3 Ne6 22.Qb2 Rxc1 23.Rxc1 Nc8 24.h4 Ng7 25.Qc3 Ne7 26.g4 Nc6 27.Bxc6 bxc6
28.Qe5 Qd8 29.b4 h5 30.gxh5 Nxh5 31.Qd4 Qd7 32.Ne5 Qe6 33.Ng4 Qe7 34.Kg2 
Kh7 35.Ne5 Qe6 36.Nf3 Kg8 37.a3 Qf5 38.Ne5 Qe6 39.Nf3 Qf5 40.Ne5 Qe6 41.
Kf1 Nf6 42.Ke1 Nd7 43.Nf3 Nb6 44.Qf4 Qe7 45.Nd4 c5 1-0

[Event "19th Asia-ch (w)"]
[Site "Al-Ain UAE"]
[Date "2015.08.10"]
[Round "9.18"]
[White "Chu Ruotong"]
[Black "Enkhtuul, Altanulzii"]
[Result "1-0"]
[WhiteElo "2048"]
[BlackElo "2269"]
[EventDate "2015.08.02"]
[PlyCount "39"]

1.d4 Nf6 2.c4 c5 3.d5 b5 4.cxb5 a6 5.bxa6 g6 6.Nc3 Bg7 7.e4 d6 8.Nf3 O-O 
9.Be2 Qa5 10.O-O Bxa6 11.Qc2 Bxe2 12.Qxe2 Qa6 13.Qc2 Nbd7 14.a4 Rfb8 15.
Ra3 Rb4 16.Re1 Nb6 17.b3 c4 18.Be3 Ng4 19.Bd2 Rc8 20.Rea1 1-0